ا ر د و فکشن تر قی پسند تحر يک کے تنا ظر ميں (Record no. 164556)

MARC details
000 -LEADER
fixed length control field 00723nam a22001937a 4500
005 - DATE AND TIME OF LATEST TRANSACTION
control field 20190522163240.0
010 ## - LCCN (DPL NO)
LC control number UR-10134
020 ## - INTERNATIONAL STANDARD BOOK NUMBER
Terms of availability 150.00
International Standard Book Number 9789387539792
035 ## - SYSTEM CONTROL NUMBER
System control number U-8689
037 ## - SOURCE OF ACQUISITION
Source of stock number/acquisition DBAD/PUB
082 ## - DEWEY DECIMAL CLASSIFICATION NUMBER
Classification number 844.08
100 ## - MAIN ENTRY--PERSONAL NAME
Personal name جو ہی با نو
245 ## - TITLE STATEMENT
Title ا ر د و فکشن تر قی پسند تحر يک کے تنا ظر ميں
Statement of responsibility, etc جو ہی با نو
246 ## - VARYING FORM OF TITLE
Remainder of title Urdu Fiction:Taraqqi Pasand Tahrik ke Tanazur Mein(Urdu)
Title proper/short title by Dr.Juhi Bano
260 ## - PUBLICATION, DISTRIBUTION, ETC. (IMPRINT)
Place of publication, distribution, etc Delhi
Name of publisher, distributor, etc Educational Publishing House
Date of publication, distribution, etc 2018 ء
270 ## - ADDRESS
Address 3191،Vakil Street,Kucha Pandit,Lal Kuan,
City Delhi
Postal code 110006
Telephone number 23216162
Fax number 00911123211540
300 ## - PHYSICAL DESCRIPTION
Extent 92ص
Dimensions 22 Cm.(bk)
942 ## - ADDED ENTRY ELEMENTS (KOHA)
Source of classification or shelving scheme Dewey Decimal Classification
Item type Urdu Bks
Classification part 844.08
Call number suffix ج و ہ
Holdings
Withdrawn status Lost status Not for loan Collection code Home library Current library Date acquired Source of acquisition Cost, normal purchase price Full call number Barcode Copy number Cost, replacement price Koha item type
    Not For Loan Non-fiction D.B.Act.Division D.B.Act.Division 22/05/2019 DBAD/PUB 150.00 844.08 ج و ہ U-8689 1 150.00 Urdu Bks

© Delhi Public Library
Hit Counter
free hit counter